000 00452nam a2200181Ia 4500
999 _c85655
_d85655
003 0100
005 20180307152229.0
008 130307s9999 xx 000 0 und d
040 _cARRUPELIB
050 _aDT958.F3 1936
100 _aFairbridge, Kingsley Ogilvie
_940309
245 4 _aThe story of Kingsley Fairbridge /
260 _aLondon
_bOxford University Press
_c1936
300 _aviii
300 _b184p. 20cm
650 _aRhodesia
_xDescription & travel
_922009
650 _aChild emigration society, London
_940310
700 _aKingsley Ogilvie Fairbridge
_940311
942 _2lcc
_cMONOGRAPH